[Event "ROM-ch U12"]
[Site "Calimanesti"]
[Date "2015.04.01"]
[Round "3"]
[White "Juravle, Stefan"]
[Black "Magold, Victor"]
[Result "0-1"]
[WhiteElo "1182"]
[BlackElo "1160"]
[PlyCount "38"]
[EventDate "2015.03.30"]
[EventType "swiss"]
[EventRounds "9"]
[EventCountry "ROU"]
[SourceTitle "CBM 165 Extra"]
[Source "ChessBase"]
[SourceDate "2015.04.21"]
[SourceVersion "1"]
[SourceVersionDate "2015.04.21"]
[SourceQuality "1"]

1. b3 d6 2. Bb2 Nd7 3. d3 Ngf6 4. f4 g6 5. Nf3 Bg7 6. e4 0-0 7. Nc3 Nc5 8. Qd2 c6 9. 0-0-0 Qc7 10. a3 Rd8 11. d4 Ne6 12. g4 b6 13. g5 Nd7 14. Be2 Ndf8 15. b4 Qb7 16. d5 cxd5 17. Nxd5 Nc7 18. c4 Ne8 19. e5 Bf5 0-1

[Event "ROM-ch U12"]
[Site "Calimanesti"]
[Date "2015.03.30"]
[Round "1"]
[White "Coca, Cristi Iulian"]
[Black "Juravle, Stefan"]
[Result "1-0"]
[WhiteElo "1626"]
[BlackElo "1182"]
[PlyCount "59"]
[EventDate "2015.03.30"]
[EventType "swiss"]
[EventRounds "9"]
[EventCountry "ROU"]
[SourceTitle "CBM 165 Extra"]
[Source "ChessBase"]
[SourceDate "2015.04.21"]
[SourceVersion "1"]
[SourceVersionDate "2015.04.21"]
[SourceQuality "1"]

1. e4 Nf6 2. e5 Nd5 3. d4 g6 4. Nf3 Bg7 5. c4 Nb6 6. Nc3 d5 7. c5 Bg4 8. cxb6 Bxf3 9. Qxf3 axb6 10. Qxd5 Qxd5 11. Nxd5 c6 12. Nc7+ Kf8 13. Nxa8 b5 14. Nb6 f6 15. e6 h5 16. Bd3 g5 17. Bg6 Rh6 18. Nd7+ Nxd7 19. exd7 Bh8 20. d8Q+ Kg7 21. Be8 Rh7 22. Qxe7+ Kg8 23. Qe6+ Kf8 24. Qd6+ Kg8 25. 0-0 Rg7 26. Re1 Kh7 27. Qxf6 Rg8 28. Re7+ Rg7 29. Bxh5 Rxe7 30. Qg6# 1-0